00732nam a2200217 a 4500001000400000003001000004005001700014008004100031020001800072040002500090080001900115100003700134245006700171250003500238260003600273300002000309504003600329650005700365650003600422650005600458488BR-CuiBMT20231128194635.0231107s2009 spb 001 0 por d a9788530929626 aBR-CuiBMTcBR-CuiBMT 22007a35.077.31 aCosta, José Armando da,d1940-10aDireito administrativo disciplinar /cJosé Armando da Costa. a2. ed., [rev., atual. e ampl.] aSão Paulo :bMétodo,c2009. a654 p. ;c23 cm aInclui bibliografia e índice. aProcesso disciplinarxDireito administrativozBrasil aProcesso administrativozBrasil aDireito de defesa (Processo administrativo)zBrasil